ბათუმის შოთა რუსთაველის სახელმწიფო უნივერსიტეტის ბიბლიოთეკა

Города и поселения Причерноморья античной эпохи : (ბიბ.ჩანაწერი № 61136)

000 -LEADER
fixed length control field 01060nam a22002057a 4500
005 - DATE AND TIME OF LATEST TRANSACTION
control field 20231221173111.0
008 - FIXED-LENGTH DATA ELEMENTS--GENERAL INFORMATION
fixed length control field 231221s1991 ru ||||| |||| 00| 0 rus d
020 ## - INTERNATIONAL STANDARD BOOK NUMBER
International Standard Book Number 552000479X
041 ## - LANGUAGE CODE
Language code of text/sound track or separate title rus
080 ## - UNIVERSAL DECIMAL CLASSIFICATION NUMBER
Universal Decimal Classification number 94(395/398)(035) К-30
100 ## - MAIN ENTRY--PERSONAL NAME
Personal name Качарава, Д. Д.
9 (RLIN) 20848
245 ## - TITLE STATEMENT
Title Города и поселения Причерноморья античной эпохи :
Remainder of title (Малый энциклопедический справочник) /
Statement of responsibility, etc. Д.Д. Качарава, Г.Т. Квирквелия ; Академия наук Грузии, Центр археологических исследований.
264 ## - PRODUCTION, PUBLICATION, DISTRIBUTION, MANUFACTURE, AND COPYRIGHT NOTICE
Place of production, publication, distribution, manufacture Тбилиси :
Name of producer, publisher, distributor, manufacturer Мецниереба,
Date of production, publication, distribution, manufacture, or copyright notice 1991.
300 ## - PHYSICAL DESCRIPTION
Extent 655 с.;
Other physical details 22 см.
653 ## - INDEX TERM--UNCONTROLLED
keyword დასახლებული პუნქტები
653 ## - INDEX TERM--UNCONTROLLED
keyword ანტიკური შავიზღვისპირეთი
653 ## - INDEX TERM--UNCONTROLLED
keyword ენციკლოპედიური ცნობარები.
700 ## - ADDED ENTRY--PERSONAL NAME
Personal name Квирквелия, Г.
Relator term ავტორი
9 (RLIN) 20849
942 ## - ADDED ENTRY ELEMENTS (KOHA)
Source of classification or shelving scheme
Koha item type წიგნი
ეგზემპლარები
Withdrawn status Lost status Source of classification or shelving scheme Damaged status Not for loan Permanent Location Current Location Shelving location Date acquired Cost, normal purchase price Full call number Barcode Date last seen Copy number Uniform Resource Identifier Price effective from Koha item type Public note
          ბათუმის შოთა რუსთაველის სახელმწიფო უნივერსიტეტის მთავარი ბიბლიოთეკა ბათუმის შოთა რუსთაველის სახელმწიფო უნივერსიტეტის მთავარი ბიბლიოთეკა წიგნსაცავი 2023-12-21 10.00 94(395/398)(035) К-30 65654 2023-12-21 65654 ბსუ-ს საპატიო დოქტორის გურამ ლორთქიფანიძის საჩუქარი 2023-12-21 წიგნი 10 ლ.